Zufällige Mathematik in 1 Minute - Statistiken

Allgemein
  • Dieses Quiz wurde 9.256 mal gespielt
  • Das Durchschnittsergebnis liegt bei 12 aus 15
Antwortstatistiken
Problem Antworten % Korrekt
11 - 1 10
98%
1 + 77 78
98%
98 + 10 108
97%
12 x 2 24
97%
6 x 4 24
97%
33 + 5 38
97%
6 + 3 9
97%
6 + 5 11
96%
15 x 10 150
96%
5 + 22 27
96%
6 : 2 3
96%
6 x 5 30
96%
5 + 2 7
96%
11 - 4 7
96%
9 x 8 72
96%
4 + 74 78
96%
80 : 10 8
96%
30 - 15 15
95%
30 - 8 22
95%
8 + 22 30
95%
17 + 14 31
95%
50 - 18 32
95%
6 + 38 44
95%
3 x 2 6
95%
28 : 4 7
95%
5 + 66 71
95%
33 + 44 77
95%
11 - 3 8
95%
6 + 4 10
94%
99: 9 11
94%
44 + 66 110
94%
8 + 5 13
94%
6 + 8 14
94%
6 + 9 15
94%
77 - 52 25
94%
12 x 3 36
94%
33 + 4 37
94%
3 x 150 450
94%
51 - 5 46
94%
98 - 22 76
94%
44 + 33 77
94%
88 : 11 8
94%
8 x 11 88
94%
12 - 3 9
94%
134 - 34 100
93%
98 + 2 100
93%
147 - 47 100
93%
98 + 8 106
93%
33 + 77 110
93%
4 x 6 24
93%
4 x 7 28
93%
75 : 25 3
93%
15 x 2 30
93%
64 : 2 32
93%
33 + 3 36
93%
5 x 80 400
93%
33 + 9 42
93%
6 x 7 42
93%
9 x 5 45
93%
8 x 6 48
93%
11 - 6 5
93%
11 - 5 6
93%
78 - 4 74
93%
54 : 6 9
93%
3 x 30 90
93%
1 + 98 99
93%
1 + 9 10
92%
98 + 3 101
92%
8 + 96 104
92%
6 + 6 12
92%
5 + 126 131
92%
5 x 3 15
92%
8 + 8 16
92%
147 + 22 169
92%
6 + 11 17
92%
100 : 5 20
92%
100 : 5 20
92%
9 x 3 27
92%
5 x 6 30
92%
6 x 6 36
92%
24 : 6 4
92%
80 : 20 4
92%
50 - 9 41
92%
100 : 20 5
92%
12 - 7 5
92%
100 : 2 50
92%
77 - 25 52
92%
56 - 1 55
92%
36 : 6 6
92%
12 x 5 60
92%
9 x 7 63
92%
8 x 8 64
92%
2 + 71 73
92%
32 : 4 8
92%
5 + 88 93
92%
9 x 11 99
92%
33 + 66 99
92%
11 - 11 0
91%
11 -10 1
91%
120 : 12 10
91%
50 - 38 12
91%
6 + 7 13
91%
147 - 9 138
91%
44 + 104 148
91%
8 + 7 15
91%
3 x 5 15
91%
9 x 200 1800
91%
12 + 7 19
91%
4 : 2 2
91%
6 : 3 2
91%
9 + 11 20
91%
100 : 4 25
91%
98 - 70 28
91%
11 - 8 3
91%
99 : 33 3
91%
3 x 10 30
91%
8 x 4 32
91%
6 + 28 34
91%
5 + 31 36
91%
46 - 8 38
91%
100 : 25 4
91%
33 + 10 43
91%
33 + 12 45
91%
30 : 6 5
91%
66 - 15 51
91%
5 x 111 555
91%
24 : 4 6
91%
51 + 15 66
91%
37 + 37 74
91%
64 : 8 8
91%
4 x 20 80
91%
53 + 35 88
91%
98 + 1 99
91%
5 + 5 10
90%
80 : 8 10
90%
100 : 10 10
90%
8 + 3 11
90%
8 + 106 114
90%
8 + 4 12
90%
30 - 17 13
90%
51 - 36 15
90%
30 - 11 19
90%
11 - 9 2
90%
24 : 12 2
90%
80 : 4 20
90%
4 x 7 28
90%
18 : 6 3
90%
24 : 8 3
90%
30 : 10 3
90%
3 x 1000 3000
90%
26 + 11 37
90%
100 : 25 4
90%
78 - 74 4
90%
48 - 8 40
90%
33 + 8 41
90%
50 - 8 42
90%
50 - 7 43
90%
15 x 3 45
90%
100 : 20 5
90%
6 + 48 54
90%
33 + 33 66
90%
20 -13 7
90%
2 + 69 71
90%
8 x 9 72
90%
24 : 3 8
90%
5 + 78 83
90%
100 : 10 10
89%
30 : 3 10
89%
98 + 4 102
89%
88 : 8 11
89%
8 +102 110
89%
120 : 10 12
89%
24 : 2 12
89%
3 x 4 12
89%
8 x 2 16
89%
9 x 2 18
89%
6 x 3 18
89%
64 : 32 2
89%
8 + 12 20
89%
4 x 5 20
89%
98 + 102 200
89%
147 + 53 200
89%
8 x 3 24
89%
100 : 4 25
89%
27 - 1 26
89%
3 x 9 27
89%
50 - 21 29
89%
3 x 100 300
89%
2 + 29 31
89%
4 x 8 32
89%
4 x 9 36
89%
6 x 6 36
89%
33 + 6 39
89%
5 x 8 40
89%
48 - 6 42
89%
150 x 3 450
89%
12 x 4 48
89%
15 + 33 48
89%
46 + 5 51
89%
88 - 19 69
89%
18 + 55 73
89%
52 + 25 77
89%
25 + 52 77
89%
9 x 9 81
89%
44 + 44 88
89%
11 - 2 9
89%
18 : 2 9
89%
30 - 21 9
89%
98 - 7 91
89%
98 + 6 104
88%
98 + 17 115
88%
147 - 11 136
88%
28 : 2 14
88%
2 + 13 15
88%
66 - 51 15
88%
15 + 150 165
88%
131 + 44 175
88%
141 + 47 188
88%
8 + 11 19
88%
100 : 50 2
88%
120 : 6 20
88%
17 + 3 20
88%
13 + 7 20
88%
44 + 166 210
88%
1 + 22 23
88%
8 +15 23
88%
3 x 8 24
88%
15 + 15 30
88%
50 - 17 33
88%
32 : 8 4
88%
32 : 8 4
88%
33 + 7 40
88%
88 - 47 41
88%
48 - 6 42
88%
100 : 2 50
88%
6 x 10 60
88%
98 - 37 61
88%
4 x 16 64
88%
44 + 22 66
88%
8 + 58 66
88%
32 : 4 8
88%
44 + 55 99
88%
131 - 30 101
87%
98 + 7 105
87%
32 x 4 128
87%
147 - 7 140
87%
204 - 12 192
87%
1 + 29 30
87%
5 x 60 300
87%
88 - 53 35
87%
19 + 19 38
87%
5 x 9 45
87%
4 x 12 48
87%
8 x 7 56
87%
50 - 44 6
87%
48 : 8 6
87%
3 x 20 60
87%
98 - 35 63
87%
88 - 21 67
87%
71 - 2 69
87%
9 x 10 90
87%
9 x 100 900
87%
3 x 33 99
87%
98 + 9 107
86%
12 x 10 120
86%
8 x 20 160
86%
98 - 77 21
86%
37 - 11 26
86%
37 - 9 28
86%
3 x 11 33
86%
5 + 29 34
86%
11 - 7 4
86%
28 : 7 4
86%
8 x 5 40
86%
29 + 14 43
86%
33 + 11 44
86%
50 - 6 44
86%
3 x 15 45
86%
6 x 8 48
86%
88 - 35 53
86%
9 x 6 54
86%
44 + 11 55
86%
30 : 5 6
86%
42 : 6 7
86%
48 : 6 8
86%
33 + 55 88
86%
3 x 3 9
86%
36 : 4 9
86%
47 + 47 94
86%
5 + 97 102
85%
98 + 5 103
85%
6 x 2 12
85%
75 : 5 15
85%
3 - 1 2
85%
6 - 4 2
85%
131 + 98 229
85%
9 : 3 3
85%
50 - 19 31
85%
9 x 4 36
85%
5 + 41 46
85%
75 : 15 5
85%
32 x 2 64
85%
88 - 23 65
85%
13 x 6 78
85%
30 - 22 8
85%
98 - 14 84
85%
37 - 28 9
85%
6 + 98 104
84%
30 - 19 11
84%
147 - 33 114
84%
64 + 64 128
84%
8 + 6 14
84%
80 : 5 16
84%
147 + 17 164
84%
8 x 21 168
84%
11 - 9 2
84%
5 x 4 20
84%
12 + 192 204
84%
131 + 78 209
84%
6 x 8 48
84%
27 + 25 52
84%
6 x 9 54
84%
6 x 9 54
84%
5 x 13 65
84%
11 x 7 77
84%
9 + 79 88
84%
99 : 11 9
84%
8 x 12 96
84%
15 + 88 103
83%
98 + 12 110
83%
6 + 138 144
83%
28 : 14 2
83%
3 x 7 21
83%
30 - 9 21
83%
14 + 18 32
83%
36 : 9 4
83%
131 - 126 5
83%
54 : 9 6
83%
2 x 32 64
83%
8 x 10 80
83%
12 x 7 84
83%
67 + 21 88
83%
131 - 32 99
83%
37 - 26 11
82%
98 + 36 134
82%
44 + 99 143
82%
147 + 9 156
82%
55 x 3 165
82%
8 + 9 17
82%
30 - 13 17
82%
3 x 6 18
82%
73 - 55 18
82%
147 + 40 187
82%
18 : 9 2
82%
44 + 204 248
82%
51 - 15 36
82%
64 : 16 4
82%
51 - 46 5
82%
36 + 15 51
82%
73 - 18 55
82%
15 x 4 60
82%
16 x 4 64
82%
74 - 4 70
82%
5 x 15 75
82%
15 x 5 75
82%
23 + 65 88
82%
88 - 79 9
82%
15 + 92 107
81%
8 + 104 112
81%
147 - 28 119
81%
8 x 15 120
81%
11 + 7 18
81%
147 + 35 182
81%
88 - 69 19
81%
88 - 67 21
81%
131 - 106 25
81%
131 + 121 252
81%
43 - 14 29
81%
88 - 41 47
81%
42 : 7 6
81%
26 x 3 78
81%
88 - 9 79
81%
4 x 21 84
81%
147 - 26 121
80%
29 - 14 15
80%
52 - 25 27
80%
45 : 15 3
80%
5 x 7 35
80%
6 x 7 42
80%
120 : 24 5
80%
5 x 2 10
79%
15 x 7 105
79%
39 + 67 106
79%
147 + 47 194
79%
98 - 33 65
79%
8 + 67 75
79%
8 x 13 104
78%
77 + 29 106
78%
98 + 14 112
78%
44 + 88 132
78%
74 + 86 160
78%
147 + 99 246
78%
75 : 3 25
78%
120 : 20 6
78%
106 - 39 67
78%
18 + 53 71
78%
12 x 6 72
78%
147 - 53 94
78%
131 - 36 95
78%
88 + 9 97
78%
98 - 87 11
77%
78 : 26 3
77%
43 - 29 14
76%
56 + 65 121
75%
147 - 24 123
75%
78 : 6 13
75%
15 x 9 135
75%
12 x 12 144
75%
131 - 116 15
75%
98 + 122 220
75%
147 + 147 294
75%
131 - 101 30
75%
99 : 3 33
75%
155 x 3 465
75%
15 + 62 77
75%
6 x 13 78
75%
15 x 6 90
75%
98 + 22 120
74%
15 x 8 120
74%
16 x 8 128
74%
44 + 177 221
74%
141 + 117 258
74%
106 - 29 77
74%
3 x 26 78
74%
258 - 141 117
73%
147 - 22 125
73%
64 :4 16
73%
52 - 27 25
73%
80 : 16 5
73%
85 + 74 159
72%
71 - 53 18
72%
120 : 5 24
72%
98 + 253 351
72%
198 + 456 654
72%
120 : 15 8
72%
128 : 16 8
72%
12 x 8 96
72%
12 x 9 108
71%
44 + 77 121
71%
98 + 53 151
71%
106 - 77 29
71%
98 - 39 59
71%
147 + 66 213
70%
128 : 32 4
70%
131 - 56 75
70%
258 - 117 141
69%
65 x 3 195
69%
106 - 67 39
69%
78 : 13 6
69%
159 - 74 85
69%
8 x 16 128
68%
15 x 11 165
68%
654 - 456 198
67%
88 - 65 23
67%
147 - 99 48
67%
12 x 11 132
66%
33 + 258 291
66%
71 - 18 53
66%
131 - 46 85
66%
15 x 12 180
65%
131 - 91 40
65%
456 + 198 654
65%
64 + 79 143
63%
3 x 65 195
63%
131 - 96 35
62%
195 + 589 784
62%
8 x 14 112
61%
78 : 3 26
61%
128 : 4 32
61%
15 x 15 225
58%
154 : 22 7
58%
131 - 76 55
56%
120 : 8 15
55%
128 : 8 16
55%
589 + 195 784
55%
15 x 13 195
54%
131 - 78 53
53%
131 - 86 45
52%
654 - 198 456
52%
131 - 66 65
52%
7 x 22 154
51%
159 - 85 74
51%
15 x 14 210
47%
147 - 74 73
46%
784 - 195 589
44%
784 - 589 195
42%
5 x 175 875
40%
12 x 112 1 344
33%
45 x 45 2 025
16%
154 : 2 22
2%
Keine übereinstimmenden Quizze gefunden
Verteilung der Resultate
Anzahl Personen mit jedem Resultat
Perzentil nach korrekt beantworteten Fragen
Ihre Resultats-Entwicklung
Sie haben dieses Quiz noch nicht gespielt